000 01537nam a2200445 a 4500
005 20180803165421.0
008 160203t2003 ck a gr|||| 00| 0 spa d
020 _a9588096308
040 _aCO-BoIAVH
_cCO-BoIAVH
041 _aspa
082 0 4 _a333.783092
_bR74p
100 1 _aRojas Albarracín, José Alberto
245 1 _aProyecto desarrollo sostenible Ecoandino
260 _aBogotá
_bMinisterio de Ambiente, Vivienda y Desarrollo Territorial
_bParques Nacionales Naturales
_bPMA
_c2005
300 _a2 volumenes.:
_bilustraciones.;
_c24 x 19 cm
505 _aVol. 1 Resultados
505 _aVol. 2 conceptos y metodología
650 4 _aparques naturales
650 4 _aConservación
650 4 _aIndentidad Cultural
650 6 _aBiodiversidad
650 4 _aVisiones culturales
700 1 _aZambrano , Hernando
700 1 _aClavijo Flórez, Juan Carlos
700 1 _aTrujillo, Mónica
700 1 _aTobón , Gabriel
700 1 _aGracía Pinzón, Marco Rubén
700 1 _aFranco , Bibliana
700 1 _aBedoya, Isaac
700 1 _aRueda, Diego
700 1 _aMontero , Hernán
700 _aRodríguez, Tito
700 _aLaverde, Gladis Naidú
700 _aArciniegas, Arelis
700 _aVargas Gonzalez, Leonardo
700 _aPinzón, Henry
700 _aOrdóñez Ortega, Viecente
942 _cLIBRO
_2ddc
945 _d2009-07-09
999 _c6990
_d6990